000 00781nam a2200253 a 4500
001 46371
003 BD-RjUL
005 20211209054137.0
008 160801r19691967fr a b 000 0 eng
035 _a(BD-RjUL)46489
040 _aDLC
_cDLC
_dBD-RjUL
_beng
041 _aeng
082 0 0 _a379.1
_223
_bVAC 1969
100 1 _aVaizey, John,
_d1929-
_9141595
245 1 4 _aThe costing of educational plans /
_c[by] J. Vaizey [and] J. D. Chesswas.
260 _aParis :
_bUnesco,
_c1967 [reprint 1969]
300 _a63, [4] p. :
_bill. ;
_c22 cm.
350 _a5.50F
504 _aBibliography: p. [65]
650 0 _aEducation
_xCosts.
_9141597
700 1 _aChesswas, J. D.,
_ejoint author.
_9141598
942 _2ddc
_cBK
999 _c46371
_d46371